000 00319nam a2200133Ia 4500
008 151001s9999||||xx |||||||||||||| ||und||
100 _aसुदर्शन भाटीया
245 _aसार्थक
250 _a1
260 _bजागृती
260 _c2012
300 _a184
365 _b21
999 _c1000509
_d1000506